00362nam a22001457a 4500003000400000005001700004008004100021020001800062040000900080082001700089100001400106245005400120260003200174300001000206OSt20221108160135.0221108b ||||| |||| 00| 0 eng d a9789385676024 coclc a571.2bJAI/F aJain, V K aFundamentals of plant physiology /cDr. V K Jain. aNew Delhi:bS Chand,c2016. a723 p